000 00359nam a2200145Ia 4500
008 100122s9999 xx 000 0 und d
082 _b71149
_a823.08
100 _aLAW STEPHEN
245 _aTHE PHILOSOPHY FILES
260 _bORION PAPERBACKS
_c2003
300 _a209
630 _aTHE PHILOSOPHY FILES
730 _aTHE PHILOSOPHY FILES
942 _cBOOK
999 _c382308
_d382305